| 000 | 00694nam a2200229 i 4500 | ||
|---|---|---|---|
| 001 | 33338 | ||
| 003 | ES-MaACL | ||
| 005 | 20250828113016.0 | ||
| 007 | t| | ||
| 008 | 030202s1927 sp |||| | spa d | ||
| 080 | _a161 | ||
| 100 | 1 |
_aBesteiro, Julián, _d1870-1940 _928619 |
|
| 245 | 1 | 4 |
_aLos juicios sintéticos "a priori" desde el punto de vista lógico / _cJulián Besteiro. |
| 260 |
_aMadrid : _bLa Lectura, _c1927. |
||
| 300 |
_a68 p. ; _c19 cm. |
||
| 490 | 1 | _aCiencia y educación | |
| 650 | 4 |
_aJuicio (Lógica) _914026 |
|
| 650 | 4 |
_aA priori. _9159005 |
|
| 830 | 0 | 0 |
_aCiencia y educación (La Lectura) _9181469 |
| 852 |
_aES-MaACL _j1530-F-11 |
||
| 999 |
_c33338 _d33338 |
||